European Water Framework Directive and the Statutory Planning System (Record no. 70896)

MARC details
000 -LEADER
fixed length control field 00831cam a2200229 4500
001 - CONTROL NUMBER
control field ABS65758
008 - FIXED-LENGTH DATA ELEMENTS--GENERAL INFORMATION
fixed length control field 020805n2002 000 0 eng u
035 ## - SYSTEM CONTROL NUMBER
System control number (Sirsi) u119178
100 ## - MAIN ENTRY--PERSONAL NAME
Personal name Fernie, I.
245 ## - TITLE STATEMENT
Title European Water Framework Directive and the Statutory Planning System
260 ## - PUBLICATION, DISTRIBUTION, ETC.
Date of publication, distribution, etc. 2002
490 ## - SERIES STATEMENT
Series statement Scottish Planner
Volume/sequential designation (87) June 2002, 6(1)
520 ## - SUMMARY, ETC.
Summary, etc. Examines areas of overlap between the process of River Basin Management Planning (which will be implemented by the European Water Framework Directive) and the statutory land use planning system
590 ## - LOCAL NOTE (RLIN)
Local note ABS
650 ## - SUBJECT ADDED ENTRY--TOPICAL TERM
Topical term or geographic name entry element LAND USE PLANNING
650 ## - SUBJECT ADDED ENTRY--TOPICAL TERM
Topical term or geographic name entry element RIVER BASINS
650 ## - SUBJECT ADDED ENTRY--TOPICAL TERM
Topical term or geographic name entry element RIVER MANAGEMENT
650 ## - SUBJECT ADDED ENTRY--TOPICAL TERM
Topical term or geographic name entry element SCOTLAND
650 ## - SUBJECT ADDED ENTRY--TOPICAL TERM
Topical term or geographic name entry element DIRECTIVE 2000/60/EC
690 ## - LOCAL SUBJECT ADDED ENTRY--TOPICAL TERM (OCLC, RLIN)
Topical term or geographic name as entry element ENVIRONMENTAL AND LAND CONSULTANCY-PLANNING AND DEVELOPMENT
942 ## - ADDED ENTRY ELEMENTS (KOHA)
Suppress in OPAC 0

No items available.